| 000 | 01068nam a22002177a 4500 | ||
|---|---|---|---|
| 010 | _aENG-109394 | ||
| 020 |
_a9789351342861 _c825.00 |
||
| 035 | _aEN-92927 | ||
| 037 | _bDBAD/PUB | ||
| 082 | _a005.7585 | ||
| 100 | _aPrice, Jason | ||
| 245 |
_aOracle database 12c SQL / _cby Jason Price |
||
| 260 |
_aNew Delhi _bMcGraw Hill Education _c2014 |
||
| 270 |
_aP-24, Gree Park Extn. _bNew Delhi _e110016 |
||
| 300 |
_axxiv,660p. _c25cm(pbk) |
||
| 500 | _aIncludes index | ||
| 520 | _a "This Oracle Press guide shows you how to retrieve and modify database information, use SQL Plus and SQL Developer, work with database objects, write PL/SQL programs, and much more. In-depth coverage of the latest SQL features and tools, performance optimization techniques, advanced queries, Java support, and XML is included. Carefully revised to cover SQL Plus, SQL Developer, and more "-- |c Provided by publisher. | ||
| 650 | _aSQL (Computer program language) | ||
| 650 | _a COMPUTERS / Database Management / General. | ||
| 942 |
_2ddc _cEN _mPRI _h005.7585 |
||
| 999 |
_c82728 _d82728 |
||